000 00339nam a22001337a 4500
008 210226b ||||| |||| 00| 0 eng d
020 _a9781878028136
041 _aeng
080 _a610.73
100 _a1
101 _aINF
245 _aWomrn's Healyh Care Nurse Practitioner Certification Review Guide
_cModkodky,B.S
942 _2udc
_cBK
999 _c55266
_d55266